Jennifer Aniston - Roles by Picture - Statistics

General Stats
  • This quiz has been taken 30 times
  • The average score is 8 of 50
Answer Stats
Picture Answer % Correct
Rachel Green
96%
Alex Levy
43%
Polly Prince
36%
Rose O'Reilly
32%
Brooke Meyers
25%
Nicole Hurley
25%
Nina Borowski
25%
Audrey Spitz
21%
Carol Vanstone
21%
Emily Poule
21%
Jennifer 'Jenny' Grogan
21%
Katherine Murphy
21%
Lucinda Harris
21%
Claire Bennett
18%
Dr. Julia Harris, D.D.S.
18%
Eloise Chandler
18%
Grace Connelly
18%
Sarah Huttinger
18%
Claire Harper
14%
Jeannie Bueller
14%
Joanna
14%
Justine Last
14%
Kassie Larson
14%
Kate Mosley
14%
Linda Gergenblatt
14%
Olivia
14%
Annie Hughes
11%
Galatea
11%
Mickey Dawson
11%
Renee Fitzpatrick
11%
Rosie Dickson
11%
Sandy Newhouse
11%
Sue Claussen
11%
Allison
7%
Ava Schector
7%
Beth
7%
Blair Warner
7%
Courtney Walker
7%
Debbie
7%
Glenn
7%
Jane Claremont
7%
Kiki Wilson
7%
Linda Campbell
7%
Madeline Drego Cooper
7%
Maureen Murphy
7%
Mrs. Stevens
7%
Pepperoni Sue
7%
Sarah Gardner
7%
Tina Harrod
7%
Tory Redding
4%
No matching quizzes found
Score Distribution
Percent of People with Each Score
Percentile by Number Answered
Your Score History
You have not taken this quiz